Heredarás el viento
Guardado en:
| Autor principal: | |
|---|---|
| Formato: | Libro |
| Lenguaje: | Undetermined |
| Publicado: |
Quito, Ecuador
Casa de la Cultura Ecuatoriana
1974
|
| Materias: | |
| Etiquetas: |
Agregar Etiqueta
Sin Etiquetas, Sea el primero en etiquetar este registro!
|
MARC
| LEADER | 00000nam a2200000Ia 4500 | ||
|---|---|---|---|
| 008 | 170316s9999 xx 000 0 und d | ||
| 040 | |a cru BVZT | ||
| 090 | |a 860 I-6h | ||
| 100 | |a Iza, Ana María | ||
| 245 | |a Heredarás el viento | ||
| 260 | |a Quito, Ecuador | ||
| 260 | |b Casa de la Cultura Ecuatoriana | ||
| 260 | |c 1974 | ||
| 300 | |a 62 páginas | ||
| 650 | |a LITERATURA LATINOAMERICANA | ||
| 999 | |c 8845 |d 8845 | ||
| 942 | |c 15 D |h 860 I-6h |2 z | ||
